Tolkien's Kitchen Quiz Stats

 Plays Quiz Updated Aug 27, 2012

Challenge
Share
Tweet
Embed
Score 0/100 Timer 12:00
0 Plays Today
Juicy or Scrumptiously Crunchable % Correct
bread, loaf of bread, white loaf
81.2%
potatoes, chips, taters
78.9%
beer
76.6%
fish, fish and chips
76%
apples
75.1%
red wine, wine, yellow wine
74.7%
water
71%
pork, salted pork
65.6%
carrots
65.1%
chicken, cold chicken
65%
ale
61.4%
lembas, waybread
59.7%
cake, seed-cake, sponge cake
57.4%
rabbits
56.7%
lamb, mutton
55.4%
cheese, red cheese
54.5%
milk
54.2%
peas
52.3%
meat
51%
bacon
49.4%
eggs, eggses
49%
tea
49%
mushrooms, wild mushrooms
47.9%
butter
47.2%
lettuce
47%
grains, grasses
45.7%
salt
44.6%
corn
42.7%
pies
42.5%
stew
42.5%
cabbages
42%
berries, ripe/wild
41.7%
onions
41.5%
soup
41.4%
Juicy or Scrumptiously Crunchable % Correct
nuts, seeds
41.4%
jam, raspberry jam
40.8%
mead
40.6%
honey, honeycomb
40%
beans
39.3%
venison
38.7%
strawberries
38.4%
coffee
38.3%
clotted cream, cream, yellow cream
38.2%
juice
35.8%
horse-flesh
34.7%
dried fruit, fruit
33%
biscuits, wafers
31.5%
turnips
30.1%
fowl, birds
29.3%
barley, malted barley
27.8%
raspberries
27.5%
salad
26.7%
jelly
26.2%
herbs, green herbs
25.8%
geese
25.3%
vegetables
25.1%
plums
24.8%
blackberries
24.8%
toast
24.7%
cram, waybread
24.3%
bones, broth, marrow, skin, stock
22.6%
flour
22.5%
parsley
22%
thyme
21.5%
acorns
20.3%
sage
19.3%
Cordial of Imladris, Miruvor
19%
tarts
18.8%
Juicy or Scrumptiously Crunchable % Correct
pickles
18.5%
buttered scones, scones
18.1%
ent-draught
17.9%
sauce
17.7%
olives
17.6%
gravy
17.4%
wild boar
17.4%
greens
17.4%
roots
16.8%
squirrels
15.8%
liquor
14.9%
draught, orc-draught
14.3%
fat
13.7%
filberts, hazelnuts
12.7%
chestnuts
12.5%
crumbs, crusts, morsels, rinds
12.4%
mince-pie, mincemeat
12.3%
cornmeal, meal
12.1%
honey-cake
11.6%
bay-leaves
10.8%
pork-pie
10.4%
dumpling, floured dumpling
10.3%
bilberries, whortleberry
9.9%
porter
9.7%
saffron
9.2%
bannocks
9.1%
marjoram
9%
blackthorn, sloe
8.5%
sorrel
8.1%
flax, flaxseed
7.8%
heather, ling, broom
7.8%
hawthorn-berries
7.3%

You're not logged in!

Compare scores with friends on all Sporcle quizzes.
OR
Log In

You Might Also Like...

Show Comments

Extras

Top Quizzes Today


Score Distribution

Your Account Isn't Verified!

In order to create a playlist on Sporcle, you need to verify the email address you used during registration. Go to your Sporcle Settings to finish the process.

Report this User

Report this user for behavior that violates our Community Guidelines.

Details: